Регионална библиотека "Любен Каравелов" - Русе

Не бъди тъжен, къртичко Монти (Запис номер 117961)

MARC детайли
000 -Лидер
Контролно поле с фиксирана дължина 01455nam a2200373 c 4500
003 - Код на организацията, давaща контролен номер
Контролно поле BLK
005 - Дата и час на последна редакция
Контролно поле 20220228152423.0
008 - Елементи от данни с фиксирана дължина
fixed length control field 180409b bul|||||r ||||||| ||bul||
010 ## - Наследен системен номер
LC control number KNG00123562000
020 ## - Международен стандартен номер на книга ISBN
Международен стандартен номер на книга ISBN 978-954-527-467-1
-- издат.: Дамян Яков
040 ## - Източник на каталожния запис
Идентификатор на билиотеката - собственик на записа BLK
041 ## - Код за език
Код за езика на текст/звукозапис или на отделно заглавие Български
Код за езика КДБФ Български
072 #7 - Код за тематичната категория
Код организация bullib
Код за тематична категория Н85
Текст Детска художествена литература Н
080 ## - УДК
Текстов определител УДК Немска литература
УДК код - определител по УДК 821.112.2
УДК определител -93-34
УДК - код + определител 821.112.2-93-34
100 1# - Редна дума - Автор
Автор Каролат, Грета
Авторска отговорност първи автор
R(LIN) 77210
139 ## - Редно поле
Редна дума Каролат, Грета
Авторски знак Каро - К 42
245 10 - Сведения за заглавието
Заглавие Не бъди тъжен, къртичко Монти
Редно поле (дума) Грета Каролат; ил. Сузане Майс; прев. Рада Дамянова Якова.
257 ## - Страна на издаване
Страна на създаване/издаване Германия
260 ## - Област на издателските данни
-- София
Име на издателя, разпространителя и проч. Дамян Яков
Година на издаване 2009
Печатница София : Фоли Арт
300 ## - Физическа характеристика
Страници 24 с.
Илюстрации и др. с цв. ил.
Размери/Мащаб 28 см
380 ## - Жанр
Жанр Детска худож. лит.
500 ## - Общи забележки
Забележка Без сведение за ориг. загл.
653 ## - Ключова дума – ненормативна
Ключова дума приказки
653 ## - Ключова дума – ненормативна
Ключова дума литература за деца
653 ## - Ключова дума – ненормативна
Ключова дума детска литература
659 ## - Тематичен бюлетин
Тематичен бюлетин Н
700 1# - Други автори (авторска отговорност)
Лично име Майс, Сузане
Автороска отговорност (Описва отношението между автора и произведението) ил.
9 (RLIN) 90940
700 1# - Други автори (авторска отговорност)
Лично име Якова, Рада Дамянова
Автороска отговорност (Описва отношението между автора и произведението) прев.
9 (RLIN) 365537
852 ## - Местоположение
Форматна сигнатура Цб ІІ 16730
856 4# - Електронен адрес и достъп
Електронен формат pdf - файл
Път до файла /url/
856 4# - Електронен адрес и достъп
Електронен формат pdf - файл
Път до файла /url/
942 ## - АРТИКУЛИ
Вид на библиотечния материал Книги
Скрит в OPAC Не
Koha issues (borrowed), all copies 19
944 ## - СЪЗДАВАНЕ И РЕДАКЦИЯ на ЗАПИСА
Създаване/Редакция Създаване
Дата на регистрацията/редакция 14.06.2011
Статус, дата на статуса ф /
Служител, извършил регистрацията/редакцията Геновева_Генчева
944 ## - СЪЗДАВАНЕ И РЕДАКЦИЯ на ЗАПИСА
Създаване/Редакция Редакция
Дата на регистрацията/редакция 18.07.2012
Статус, дата на статуса ф /
Служител, извършил регистрацията/редакцията
999 ## - СИСТЕМНИ КОНТРОЛНИ НОМЕРА
Koha biblionumber 117961
Koha biblioitemnumber 117961
Наличности
Код за отписване Код за изгубен артикул Код за повреда Коз за рестрикции Код за отдаване Артикулен № Име на библиотеката - собственик Име на библиотеката, в която се намира в момента Статус (Текущо местоположение) Дата на вписване в системата Местоположение - отдел Цена в лева Инвентарен номер Систематично азбучна сигнатура Баркод Номер на екземпляра Цена в евро Служебна бележка Служебен тип на артикула Източник на класификационната схема
  Не е изгубен Не е повреден без рестрикции ползва се в читалня 190186 Регионална библиотека "Любен Каравелов" Русе Регионална библиотека "Любен Каравелов" Русе Хранилище 2011-06-02 Хранилище 3.60 120000751105 Цб ІІ 16730 120000751105 1 1.84 Дост: Dp Вид: Д N: 1 Дата: 03.01.2011 Книги  
Изтеглен Не е изгубен Не е повреден без рестрикции заемане за дома 190187 Регионална библиотека "Любен Каравелов" Русе Регионална библиотека "Любен Каравелов" Русе Детски отдел 2012-05-17 Детски отдел 2.88 120000757405 ДХ 820/899/К 42 120000757405 2 1.47 Дост: DA Вид: А N: 7 Дата: 16.05.2012 Дата инв: 17.08.2015 Бележки инв: Д2015 Книги Universal Decimal Classification
Vip Innovations Ltd, Rousse, Bulgaria 2025